00861nam a2200229 a 4500001001000000003000500010005001700015008004100032010001100073011001100084040000900095100003400104245011000138260004100248500006000289502007100349650003800420650004900458650002100507650003300528856007000561000114471CHAP20220329144442.0180201s2017 mx sm |||||||spa d a110932 a111904 cCHAP1 aMolina Culebro, Julio César10aPlaneación y diseño de un sistema de riego con Wcadih[En línea]cpor Julio César Molina Culebro. aChapingo, Méx. :bEl autor,c2017. aPara ver el contenido del material haga clic en la liga aTesis (Ing. en Irrigación) -- UACH. Departamento de Irrigación14aCaña de azúcarxIrrigación.14aProgramación (Computadoras)xIngeniería.14aRiego por goteo.14aSistemas de riegoxDiseño. aFinding aiduhttp://10.13.5.2/tesis/sist114471.pdfzTeclea aquí